[Event "Chess Festival Groningen 2018 Compact A"]
[Site "Groningen, Netherlands"]
[Date "2018.12.29"]
[Round "4.6"]
[White "Hendriks, Peter"]
[Black "Van Putten, Henk"]
[Result "1-0"]
[WhiteElo "1996"]
[BlackElo "2090"]
[PlyCount "31"]
[EventDate "2018.??.??"]

1. f4 e5 2. fxe5 d6 3. exd6 Bxd6 4. Nf3 Nf6 5. Nc3 Ng4 6. g3 h5 7. d4 h4 8. Bg5
f6 9. Bxh4 g5 10. Qd3 Kf7 11. Bh3 Nxh2 12. Rxh2 gxh4 13. Nxh4 Qg8 14. O-O-O
Qxg3 15. Qc4+ Kg7 16. Rg2 1-0

[Event "Chess Festival Groningen 2018 Compact A"]
[Site "Groningen, Netherlands"]
[Date "2018.12.29"]
[Round "4.7"]
[White "Noordenbos, Daan"]
[Black "Termeulen, Albert"]
[Result "1-0"]
[WhiteElo "1821"]
[BlackElo "2009"]
[PlyCount "89"]
[EventDate "2018.??.??"]

1. e4 d6 2. d4 Nf6 3. Nc3 g6 4. f4 Bg7 5. Nf3 O-O 6. Bd3 Nc6 7. O-O Bg4 8. Ne2
e5 9. d5 Bxf3 10. Rxf3 Nd4 11. Rh3 c6 12. fxe5 dxe5 13. Nxd4 exd4 14. dxc6 bxc6
15. Bg5 Qd6 16. Qf3 h5 17. Bxf6 Bxf6 18. Rf1 Kg7 19. Kh1 Rae8 20. Qe2 Be5 21.
Bc4 Re7 22. g4 hxg4 23. Qxg4 Rh8 24. Rxh8 Kxh8 25. Bxf7 Kg7 26. Bb3 Bf6 27. Rg1
Be5 28. Rf1 Bf6 29. Rg1 Be5 30. h4 Qf6 31. h5 Bf4 32. Qxg6+ Qxg6 33. Rxg6+ Kh7
34. Rxc6 Rxe4 35. Re6 Re3 36. Rxe3 dxe3 37. Bc4 Kg7 38. Kg2 Kf6 39. Kf3 Ke5 40.
Bf1 Bh6 41. Ke2 Kf4 42. Kd3 Ke5 43. b4 Kd5 44. Bg2+ Kd6 45. Bf3 1-0

[Event "Chess Festival Groningen 2018 Compact A"]
[Site "Groningen, Netherlands"]
[Date "2018.12.29"]
[Round "4.10"]
[White "Van Dael, Siem"]
[Black "Nepveu, Manuel"]
[Result "1-0"]
[WhiteElo "2204"]
[BlackElo "1924"]
[PlyCount "41"]
[EventDate "2018.??.??"]

1. e4 e6 2. d4 d5 3. Nc3 Bb4 4. e5 c5 5. a3 Bxc3+ 6. bxc3 Qa5 7. Bd2 Qa4 8. h4
h5 9. Rb1 c4 10. Bc1 Ne7 11. Ne2 Nbc6 12. Rh3 Nf5 13. f3 Qa5 14. Kf2 Nce7 15.
g3 b5 16. Bg5 Bd7 17. g4 hxg4 18. fxg4 Nh6 19. Nf4 Ng6 20. Nh5 O-O 21. Bxh6 1-0

[Event "Chess Festival Groningen 2018 Compact A"]
[Site "Groningen, Netherlands"]
[Date "2018.12.29"]
[Round "4.11"]
[White "Janse, Paul"]
[Black "Pellikaan, Govert"]
[Result "0-1"]
[WhiteElo "2100"]
[BlackElo "1946"]
[PlyCount "56"]
[EventDate "2018.??.??"]

1. e4 c5 2. Nf3 Nc6 3. Nc3 a6 4. d4 cxd4 5. Nxd4 d6 6. Bc4 e6 7. Be3 Nf6 8. Qe2
Be7 9. O-O-O Qc7 10. Bb3 O-O 11. g4 Na5 12. g5 Nxb3+ 13. axb3 Ne8 14. h4 b5 15.
h5 b4 16. Nb1 g6 17. Rh2 e5 18. Rdh1 exd4 19. hxg6 dxe3 20. g7 exf2 21. gxf8=Q+
Kxf8 22. Qh5 Qc5 23. Qe2 Bxg5+ 24. Nd2 Be6 25. Kd1 Nf6 26. Rxf2 Qa5 27. Ke1
Qa1+ 28. Qd1 Qxb2 0-1

[Event "Chess Festival Groningen 2018 Compact A"]
[Site "Groningen, Netherlands"]
[Date "2018.12.29"]
[Round "4.13"]
[White "Boersma, Jan"]
[Black "Rondhuis, Jaap"]
[Result "1-0"]
[WhiteElo "2065"]
[BlackElo "1905"]
[PlyCount "75"]
[EventDate "2018.??.??"]

1. e4 d5 2. exd5 Nf6 3. c4 e6 4. Nc3 exd5 5. d4 Bg4 6. Qb3 Qe7+ 7. Be3 c5 8.
cxd5 cxd4 9. Qa4+ Nbd7 10. Qxd4 Qb4 11. Be2 Bf5 12. Qd2 Ne4 13. Nxe4 Bxe4 14.
Bf3 Ne5 15. Bxe4 Qxe4 16. f3 Qa4 17. Ne2 Bb4 18. Nc3 Qa6 19. O-O-O Rc8 20. Bd4
Bxc3 21. Bxc3 O-O 22. Kb1 Nc4 23. Qd4 f6 24. Rhe1 Qb5 25. Ka1 Rfd8 26. Re7 Rd7
27. Rxd7 Qxd7 28. Qxa7 Re8 29. Qd4 Ne3 30. Rd2 Nxd5 31. Rd1 Rd8 32. a3 Qc6 33.
Qe4 Kf7 34. Qxh7 Qa6 35. Qh5+ Ke7 36. Re1+ Kd6 37. Qf7 Nxc3 38. Re6+ 1-0

[Event "Chess Festival Groningen 2018 Compact A"]
[Site "Groningen, Netherlands"]
[Date "2018.12.29"]
[Round "4.14"]
[White "Kalle, Erwin"]
[Black "Banning, Cees"]
[Result "1-0"]
[WhiteElo "2018"]
[BlackElo "1822"]
[PlyCount "59"]
[EventDate "2018.??.??"]

1. e4 e5 2. Nf3 Nc6 3. d4 exd4 4. Nxd4 Bc5 5. Nb3 Bb6 6. Nc3 d6 7. Qe2 Be6 8.
Be3 Bxe3 9. Qxe3 Nge7 10. O-O-O Bxb3 11. axb3 O-O 12. f4 Qe8 13. g4 f6 14. h4
a6 15. Qg3 b5 16. Bg2 Rc8 17. h5 Nd8 18. Rhe1 b4 19. Nb1 Nf7 20. Nd2 a5 21. Nc4
Qb5 22. e5 fxe5 23. fxe5 d5 24. e6 dxc4 25. exf7+ Rxf7 26. Re5 Qb6 27. Qe1 Qf2
28. Rxe7 Qxg2 29. Qe6 Rcf8 30. Rxf7 1-0

[Event "Chess Festival Groningen 2018 Compact A"]
[Site "Groningen, Netherlands"]
[Date "2018.12.30"]
[Round "5.3"]
[White "Hovenga, Alje"]
[Black "Bielderman, Guy"]
[Result "1/2-1/2"]
[WhiteElo "2177"]
[BlackElo "2081"]
[PlyCount "88"]
[EventDate "2018.??.??"]

1. d4 d5 2. c4 c6 3. cxd5 cxd5 4. Bf4 Nc6 5. e3 e6 6. Nc3 Bd6 7. Bxd6 Qxd6 8.
f4 Nge7 9. Nf3 f6 10. Bd3 O-O 11. O-O e5 12. dxe5 fxe5 13. fxe5 Nxe5 14. Nxe5
Rxf1+ 15. Qxf1 Qxe5 16. Qf3 Be6 17. Rf1 Rd8 18. Ne2 Nc6 19. Bb5 a6 20. Bxc6
bxc6 21. Nd4 Qd6 22. b4 Bd7 23. a3 a5 24. Qf7+ Kh8 25. Qf4 Qxf4 26. Rxf4 axb4
27. axb4 Kg8 28. Nb3 Rf8 29. Kf2 g5 30. Rxf8+ Kxf8 31. Ke2 Ke7 32. Kd3 Kd6 33.
Kd4 Bf5 34. Nd2 h5 35. g3 g4 36. Nb3 Bc2 37. Nc1 Be4 38. Ne2 Bg6 39. Nf4 Bf7
40. Nd3 Bg6 41. Ne5 Bc2 42. Nf7+ Ke7 43. Ne5 Kd6 44. Nf7+ Ke7 1/2-1/2

[Event "Chess Festival Groningen 2018 Compact A"]
[Site "Groningen, Netherlands"]
[Date "2018.12.30"]
[Round "5.4"]
[White "Vroombout, Enrico"]
[Black "Hendriks, Peter"]
[Result "1-0"]
[WhiteElo "2140"]
[BlackElo "1996"]
[PlyCount "67"]
[EventDate "2018.??.??"]

1. d4 d5 2. c4 e6 3. cxd5 exd5 4. Nc3 c6 5. Qc2 Bd6 6. Nf3 Ne7 7. Bg5 Qb6 8.
Bxe7 Bxe7 9. Nxd5 Qa5+ 10. Nc3 O-O 11. e3 c5 12. Bd3 g6 13. O-O Nc6 14. a3 Bg4
15. d5 Bxf3 16. gxf3 Ne5 17. Be2 f5 18. f4 Nf7 19. Kh1 a6 20. a4 Rad8 21. f3
Qc7 22. Qd2 Bd6 23. Bc4 Rfe8 24. a5 Re7 25. Na4 Rde8 26. Rae1 g5 27. Qc3 h6 28.
Nb6 gxf4 29. Rg1+ Ng5 30. h4 fxe3 31. hxg5 Rg7 32. gxh6 Rxg1+ 33. Rxg1+ Kh7 34.
Rg7+ 1-0

[Event "Chess Festival Groningen 2018 Compact A"]
[Site "Groningen, Netherlands"]
[Date "2018.12.30"]
[Round "5.5"]
[White "Van Dael, Siem"]
[Black "Noordenbos, Daan"]
[Result "1-0"]
[WhiteElo "2204"]
[BlackElo "1821"]
[PlyCount "105"]
[EventDate "2018.??.??"]

1. e4 e6 2. d4 d5 3. Nc3 Bb4 4. e5 c5 5. a3 Bxc3+ 6. bxc3 Ne7 7. Qg4 O-O 8. Bd3
f5 9. exf6 Rxf6 10. Bg5 Rf7 11. Nf3 e5 12. Bxh7+ Kxh7 13. Qh4+ Kg8 14. Nxe5 Qe8
15. O-O Nf5 16. Qh5 Re7 17. Qf3 Rxe5 18. dxe5 Be6 19. g4 Qg6 20. h4 Nh6 21.
Bxh6 gxh6 22. Kh2 Nd7 23. Qe3 Rf8 24. h5 Qg7 25. f4 Bxg4 26. Rg1 Rf5 27. Rg3
Rxh5+ 28. Kg2 Rf5 29. e6 Nf6 30. e7 Kf7 31. e8=Q+ Nxe8 32. Re1 Nf6 33. Qe6+ Kf8
34. Qd6+ Kg8 35. Re7 Qf8 36. Rxg4+ Kh8 37. Rg6 Ng8 38. Rxb7 Rxf4 39. Qe5+ Rf6
40. Rb8 Qxb8 41. Rxh6+ Kg7 42. Qxb8 Kxh6 43. Qxa7 Rg6+ 44. Kf2 Nf6 45. Qc7 Ne4+
46. Kf3 Nxc3 47. Qh2+ Kg7 48. Qe5+ Rf6+ 49. Kg4 Ne4 50. c4 Nf2+ 51. Kg5 Ne4+
52. Kh5 Kf7 53. cxd5 1-0

[Event "Chess Festival Groningen 2018 Compact A"]
[Site "Groningen, Netherlands"]
[Date "2018.12.30"]
[Round "5.6"]
[White "Pellikaan, Govert"]
[Black "Clemens, Adrian"]
[Result "1-0"]
[WhiteElo "1946"]
[BlackElo "2162"]
[PlyCount "73"]
[EventDate "2018.??.??"]

1. d4 Nf6 2. Bg5 Ne4 3. Bf4 d5 4. f3 Nf6 5. e4 e6 6. e5 Nfd7 7. Be3 c5 8. c3
Nc6 9. f4 cxd4 10. cxd4 Nb6 11. b3 Bd7 12. Nf3 Rc8 13. a3 a5 14. Nbd2 Be7 15.
Bd3 a4 16. b4 Na7 17. Qe2 Rc3 18. Kf2 O-O 19. h4 f6 20. Bxh7+ Kxh7 21. Ng5+ Kg8
22. Qh5 fxg5 23. hxg5 Bxg5 24. Qh7+ Kf7 25. fxg5 Ke7+ 26. Nf3 Qe8 27. g6 Kd8
28. Qxg7 Nb5 29. Bg5+ Kc8 30. Bf6 Rc2+ 31. Kg1 Rg8 32. Qxg8 Qxg8 33. Rh8 Qxh8
34. Bxh8 Be8 35. g7 Bf7 36. Ng5 Bg8 37. Rf1 1-0

[Event "Chess Festival Groningen 2018 Compact A"]
[Site "Groningen, Netherlands"]
[Date "2018.12.30"]
[Round "5.7"]
[White "Wolferink, Frans"]
[Black "Emans, Job"]
[Result "1-0"]
[WhiteElo "2089"]
[BlackElo "1946"]
[PlyCount "91"]
[EventDate "2018.??.??"]

1. e4 e6 2. d4 d5 3. Nc3 Nf6 4. Bg5 Be7 5. e5 Nfd7 6. h4 a6 7. Qg4 h5 8. Qg3 g6
9. O-O-O c5 10. dxc5 Nxc5 11. Nf3 Nc6 12. Qf4 b5 13. Bd3 Bb7 14. Rhe1 Rc8 15.
Bf6 Bxf6 16. exf6 Kf8 17. a3 Qc7 18. Qg5 Nxd3+ 19. Rxd3 b4 20. axb4 Nxb4 21.
Rd2 Qa5 22. Kd1 Qa1+ 23. Ke2 Qxb2 24. Nd1 Qa2 25. Ne3 Qa4 26. Nd4 Nc6 27. Nxc6
Qxc6 28. Kf1 Kg8 29. Rd4 Qc7 30. Kg1 Rd8 31. Red1 Kh7 32. g4 Kg8 33. c4 hxg4
34. Rxg4 d4 35. Rdxd4 Rxd4 36. Rxd4 Rh5 37. Qg4 Qc6 38. Qh3 Qb6 39. Rd1 Qb2 40.
Rd8+ Kh7 41. Rd7 Qb1+ 42. Qf1 Qe4 43. Rxf7+ Kg8 44. Rg7+ Kf8 45. Qg2 Rxh4 46.
Rxb7 1-0

[Event "Chess Festival Groningen 2018 Compact A"]
[Site "Groningen, Netherlands"]
[Date "2018.12.30"]
[Round "5.8"]
[White "Salihbegovic, Edim"]
[Black "Boersma, Jan"]
[Result "1/2-1/2"]
[WhiteElo "1937"]
[BlackElo "2065"]
[PlyCount "89"]
[EventDate "2018.??.??"]

1. e4 c5 2. Nf3 g6 3. d4 cxd4 4. Qxd4 Nf6 5. Nc3 Nc6 6. Qa4 d6 7. e5 dxe5 8.
Nxe5 Bd7 9. Nxd7 Qxd7 10. Be3 Bg7 11. Rd1 Qg4 12. Qb3 Qb4 13. Qxb4 Nxb4 14.
Bb5+ Nc6 15. Be2 O-O 16. O-O Rac8 17. a3 a6 18. Nb1 Ne5 19. c3 Nc4 20. Bc1 b5
21. Bf3 Rc7 22. Rfe1 Re8 23. Nd2 Bh6 24. Ne4 Nxe4 25. Bxh6 Nc5 26. Bc1 Rcc8 27.
b4 Na4 28. Bb7 Rcd8 29. Bxa6 Nxc3 30. Rxd8 Rxd8 31. g3 Rd6 32. Bb7 e5 33. Bg2
Ne2+ 34. Rxe2 Rd1+ 35. Bf1 Rxc1 36. Ra2 e4 37. Kg2 f5 38. a4 bxa4 39. Rxa4 Nd2
40. Be2 Re1 41. b5 Rb1 42. Ra3 Kg7 43. Ra7+ Kh6 44. h4 Nf3 45. Bxf3 1/2-1/2

[Event "Chess Festival Groningen 2018 Compact A"]
[Site "Groningen, Netherlands"]
[Date "2018.12.30"]
[Round "5.9"]
[White "Bezemer, Arno"]
[Black "Kalle, Erwin"]
[Result "1/2-1/2"]
[WhiteElo "2278"]
[BlackElo "2018"]
[PlyCount "60"]
[EventDate "2018.??.??"]

1. e4 e5 2. Nf3 Nc6 3. Bb5 Nge7 4. Nc3 d6 5. d4 a6 6. Be2 Nxd4 7. Nxd4 exd4 8.
Qxd4 Nc6 9. Qe3 Be7 10. Nd5 Be6 11. Nxe7 Qxe7 12. O-O O-O 13. b3 Rfe8 14. Bb2
f5 15. exf5 Bxf5 16. Qc3 Ne5 17. Rae1 Qd7 18. Bd1 Re7 19. Re3 Rae8 20. Rfe1 Ng6
21. Qc4+ Kf8 22. Rf1 Ne5 23. Qh4 Kg8 24. Rfe1 Ng6 25. Qg3 Rxe3 26. Rxe3 Qc6 27.
c4 Re4 28. Qg5 Rxe3 29. Qxe3 Qe4 30. Qxe4 Bxe4 1/2-1/2

[Event "Chess Festival Groningen 2018 Compact A"]
[Site "Groningen, Netherlands"]
[Date "2018.12.30"]
[Round "5.10"]
[White "Kunnen, Ruurd"]
[Black "Kroon, Roelof"]
[Result "0-1"]
[WhiteElo "1891"]
[BlackElo "2123"]
[PlyCount "90"]
[EventDate "2018.??.??"]

1. Nf3 Nc6 2. e4 e5 3. Bb5 a6 4. Ba4 Nf6 5. O-O b5 6. Bb3 Be7 7. Re1 O-O 8. a4
Bb7 9. d3 d6 10. c3 Na5 11. Bc2 c5 12. Nbd2 Re8 13. Nf1 Bf8 14. Bg5 Nc6 15. Ne3
h6 16. Bh4 Nb8 17. Qd2 Nbd7 18. Bb3 Qc7 19. Nd5 Nxd5 20. exd5 c4 21. dxc4 bxc4
22. Bc2 Qa5 23. b4 Qxd5 24. Qe2 Qe6 25. Bg3 g6 26. Rad1 Bg7 27. Rd2 d5 28. Qd1
a5 29. Nd4 Qb6 30. Nb5 axb4 31. cxb4 d4 32. Qb1 Bc6 33. Nd6 c3 34. Rde2 Re6 35.
Nc4 Qc7 36. b5 Bd5 37. Na3 Qc5 38. Qc1 f5 39. Nb1 Bc4 40. Nxc3 dxc3 41. Re3 e4
42. Rd1 Nf8 43. Ree1 g5 44. Qe3 Qe7 45. f4 Ng6 0-1

[Event "Chess Festival Groningen 2018 Compact A"]
[Site "Groningen, Netherlands"]
[Date "2018.12.30"]
[Round "5.13"]
[White "Kanis, Sierk"]
[Black "Pouw, Marcel"]
[Result "1-0"]
[WhiteElo "1954"]
[BlackElo "1881"]
[PlyCount "29"]
[EventDate "2018.??.??"]

1. d4 d5 2. c4 Nc6 3. Nf3 Bg4 4. Nc3 e6 5. Bf4 Bd6 6. Bg3 dxc4 7. e3 Na5 8.
Qa4+ c6 9. Bxd6 b5 10. Nxb5 Bxf3 11. gxf3 cxb5 12. Qxb5+ Qd7 13. Qxd7+ Kxd7 14.
Bb4 Nc6 15. Bc3 1-0

[Event "Chess Festival Groningen 2018 Compact A"]
[Site "Groningen, Netherlands"]
[Date "2018.12.30"]
[Round "5.14"]
[White "Blok, Ronald"]
[Black "Grutter, Tim"]
[Result "0-1"]
[WhiteElo "1868"]
[BlackElo "1953"]
[PlyCount "42"]
[EventDate "2018.??.??"]

1. d4 Nf6 2. c4 g6 3. g3 Bg7 4. Bg2 O-O 5. Nc3 d6 6. e4 e5 7. Nge2 Nc6 8. d5
Ne7 9. O-O Nd7 10. Be3 f5 11. f4 Nf6 12. fxe5 Ng4 13. Qd2 Nxe3 14. Qxe3 Bxe5
15. Rad1 fxe4 16. Bxe4 Nf5 17. Bxf5 Bxf5 18. Nf4 Qd7 19. Ne6 Bxe6 20. dxe6 Qxe6
21. Nd5 Qg4 0-1

[Event "Chess Festival Groningen 2018 Compact B"]
[Site "Groningen, Netherlands"]
[Date "2018.12.27"]
[Round "2.3"]
[White "Sterba, Michal"]
[Black "Vriens, Huib"]
[Result "1-0"]
[WhiteElo "1749"]
[BlackElo "1679"]
[PlyCount "89"]
[EventDate "2018.??.??"]

1. e4 c5 2. Nc3 e6 3. Nf3 a6 4. d4 cxd4 5. Nxd4 d6 6. Bc4 Nf6 7. O-O Be7 8. Bb3
O-O 9. Be3 Qc7 10. Rc1 b5 11. a3 Nbd7 12. f3 Ne5 13. Qe2 Bb7 14. Rcd1 Rac8 15.
Nxe6 fxe6 16. Bxe6+ Kh8 17. Bxc8 Rxc8 18. Rfe1 Nc4 19. Bc1 Re8 20. b3 Nb6 21.
Bb2 Nbd7 22. Qd2 Ne5 23. Ne2 Rd8 24. Nd4 d5 25. Qf4 Re8 26. Kh1 Bd6 27. exd5
Ng6 28. Rxe8+ Nxe8 29. Qe3 Qf7 30. Re1 Nf6 31. c4 bxc4 32. bxc4 Bc8 33. Ne6 Nh5
34. c5 Bb8 35. Qg5 Nf6 36. Qd2 Ne7 37. Nd8 Qh5 38. d6 Ned5 39. Bxf6 Nxf6 40.
Qa2 h6 41. c6 Nd5 42. g4 Qh4 43. Re8+ Kh7 44. Qxd5 Qf2 45. Qe4+ 1-0

[Event "Chess Festival Groningen 2018 Compact B"]
[Site "Groningen, Netherlands"]
[Date "2018.12.27"]
[Round "2.4"]
[White "Van Foreest, Pieter"]
[Black "Torensma, Jan"]
[Result "0-1"]
[WhiteElo "1732"]
[BlackElo "1675"]
[PlyCount "38"]
[EventDate "2018.??.??"]

1. e4 e6 2. d4 d5 3. Nc3 Bb4 4. a3 Bxc3+ 5. bxc3 dxe4 6. Qg4 Nf6 7. Qxg7 Rg8 8.
Qh6 Nbd7 9. f3 exf3 10. Nxf3 c5 11. Bb5 Qa5 12. Bxd7+ Nxd7 13. Qxh7 Qxc3+ 14.
Kf2 Nf6 15. Qd3 Qxa1 16. dxc5 Qa2 17. Qb5+ Bd7 18. Qxb7 Qxc2+ 19. Bd2 Qxc5+ 0-1

[Event "Chess Festival Groningen 2018 Compact B"]
[Site "Groningen, Netherlands"]
[Date "2018.12.28"]
[Round "3.1"]
[White "Eveleens, Ed"]
[Black "Land, Marc"]
[Result "0-1"]
[WhiteElo "1729"]
[BlackElo "1768"]
[PlyCount "62"]
[EventDate "2018.??.??"]

1. d4 Nf6 2. Bf4 d6 3. e3 g6 4. Be2 Bg7 5. h3 Nbd7 6. Nf3 c5 7. c3 b6 8. Nbd2
Bb7 9. Rg1 Qc7 10. a4 Bc6 11. g4 e5 12. dxe5 dxe5 13. Bh2 Nd5 14. Bc4 O-O 15.
g5 Rad8 16. Qc2 Qb7 17. Bxd5 Bxd5 18. e4 Bc6 19. O-O-O Qa6 20. b3 b5 21. axb5
Bxb5 22. c4 Bc6 23. Kb2 Qb7 24. Ra1 f5 25. gxf6 Rxf6 26. Qd3 Rdf8 27. Rad1 R8f7
28. Nxe5 Rxf2 29. Rgf1 Nxe5 30. Qd8+ Rf8 31. Qh4 Nf3+ 0-1

[Event "Chess Festival Groningen 2018 Compact B"]
[Site "Groningen, Netherlands"]
[Date "2018.12.29"]
[Round "4.1"]
[White "Sterba, Michal"]
[Black "Land, Marc"]
[Result "0-1"]
[WhiteElo "1749"]
[BlackElo "1768"]
[PlyCount "40"]
[EventDate "2018.??.??"]

1. e4 e6 2. d4 d5 3. Nd2 Nf6 4. e5 Nfd7 5. Bd3 c5 6. c3 Nc6 7. Qg4 cxd4 8. cxd4
h5 9. Qf4 g5 10. Qe3 Bh6 11. Nb3 Qb6 12. f3 a5 13. Ne2 a4 14. Nc5 Ncxe5 15. Bc2
Nc4 16. Qf2 Nxc5 17. dxc5 Qb4+ 18. Nc3 a3 19. O-O axb2 20. Rb1 bxc1=Q 0-1

[Event "Chess Festival Groningen 2018 Compact B"]
[Site "Groningen, Netherlands"]
[Date "2018.12.30"]
[Round "5.1"]
[White "Land, Marc"]
[Black "Spanjer, Joris"]
[Result "1-0"]
[WhiteElo "1768"]
[BlackElo "1725"]
[PlyCount "137"]
[EventDate "2018.??.??"]

1. e4 e5 2. Nf3 Nc6 3. Nc3 Nf6 4. d4 exd4 5. Nxd4 Nxd4 6. Qxd4 d6 7. Bc4 Be6 8.
Nd5 c6 9. Nxf6+ Qxf6 10. Qxf6 gxf6 11. Bd3 Rg8 12. g3 O-O-O 13. Be3 Kb8 14.
O-O-O Be7 15. Rhe1 h5 16. h4 Bg4 17. Be2 Rd7 18. Bf4 Kc8 19. Rd3 b6 20. Bf3 Kc7
21. Red1 Rg6 22. c4 a5 23. b3 Rg8 24. Kd2 f5 25. Bxg4 fxg4 26. Ke3 f6 27. f3
gxf3 28. Kxf3 Rg4 29. e5 fxe5 30. Bxe5 Rg6 31. Bf4 Rf6 32. Re1 Rg6 33. Rde3 Bf8
34. Re6 Rdg7 35. Re8 Rf7 36. R1e6 Rgf6 37. Rxf6 Rxf6 38. g4 hxg4+ 39. Kxg4 b5
40. Kg5 Rf7 41. Re4 Kd7 42. Kg4 Rg7+ 43. Bg5 Rf7 44. Rf4 Rxf4+ 45. Kxf4 Ke6 46.
h5 Bg7 47. h6 Bh8 48. cxb5 cxb5 49. Bd8 a4 50. Bb6 axb3 51. axb3 Be5+ 52. Ke3
Kf7 53. Bd4 Kg6 54. Bxe5 dxe5 55. Ke4 Kxh6 56. Kxe5 Kg6 57. b4 Kf7 58. Kd6 Ke8
59. Kc6 Kd8 60. Kxb5 Kc8 61. Kc6 Kb8 62. Kb6 Ka8 63. Kc7 Ka7 64. b5 Ka8 65. Kc6
Ka7 66. Kc7 Ka8 67. Kb6 Kb8 68. Ka6 Ka8 69. b6 1-0

[Event "Chess Festival Groningen 2018 Compact C"]
[Site "Groningen, Netherlands"]
[Date "2018.12.27"]
[Round "2.17"]
[White "De Boer, Sake Jan"]
[Black "Sleurs, Michel"]
[Result "1-0"]
[WhiteElo "1521"]
[BlackElo "1000"]
[PlyCount "31"]
[EventDate "2018.??.??"]

1. d4 d5 2. Bf4 e6 3. e3 Bb4+ 4. c3 Bd6 5. Bg3 Bxg3 6. hxg3 Nc6 7. Nf3 Nf6 8.
Bd3 O-O 9. Nbd2 Bd7 10. Qc2 Rb8 11. Bxh7+ Kh8 12. Ng5 e5 13. O-O-O e4 14. Bxe4+
Kg8 15. Bxd5 g6 16. Qxg6# 1-0